LEADER 01486nam2-2200397---450- 001 990001082180203316 005 20050516122906.0 010 $a0-7923-6847-9 035 $a000108218 035 $aUSA01000108218 035 $a(ALEPH)000108218USA01 035 $a000108218 100 $a20020527d2001----km-y-engy01------ba 101 0 $aeng 102 $aNL 105 $ay|||z|||001yy 200 1 $v4$aContinental millenarians$eprotestants, catholics, heretics$fedited by Hohn Christian Laursen and Richard H. Popkin 210 $aDordrecht [etc.]$cKluwer Academic Publishers$dcopyr. 2001 215 $aXX, 126 p.$d24 cm 225 2 $aArchives internationales d'histoire des idées$dInternational archives of the history of ideas$v176 410 1$12001$aArchives internationales d'histoire des idées$dInternational archives of the history of ideas$v176 461 1$1001000107961$12001$aMillenarianism and messianism in early modern european culture$v4 606 0 $aMillenarismo$yEuropa$zSec. 15.-18. 676 $a236.9 702 1$aLAURSEN,$bJohn Christian 702 1$aPOPKIN,$bRichard H. 801 0$aIT$bSalbc$cISBD 912 $a990001082180203316 951 $aII 2 2177/4(XIV 1426 IV)$b161464 L.M.$cXIV$d00080257 959 $aBK 969 $aGIU 979 $aCHIARA$b90$c20020527$lUSA01$h1059 979 $aPATRY$b90$c20040406$lUSA01$h1715 979 $aCOPAT6$b90$c20050516$lUSA01$h1229 996 $aContinental millenarians$9978961 997 $aUNISA LEADER 01044nam a2200253 4500 001 991000420149707536 008 091102s1974 maua b 001 0 eng 035 $ab13854586-39ule_inst 040 $aSet. Economia - SEMS$bita 082 00$a519.54 110 2 $aAnalytic Sciences Corporation.$bTechnical Staff$0471970 245 10$aApplied optimal estimation /$cwritten by Technical Staff, Analytic Sciences Corporation ; edited by Arthur Gelb ; principal authors: Arthur Gelb [and others] 260 $aCambridge, Mass. ;$bM.I.T. Press,$c[1974] 300 $a374 p. :$bill. ;$c24 cm 504 $aInclude bibliografia 650 4$aTeoria della stima 650 4$aOttimizzazione 700 1 $aGelb, Arthur 907 $a.b13854586$b28-01-14$c02-11-09 912 $a991000420149707536 945 $aLE025 ECO 519.5 ASC01.01$g1$i2025000252424$lle025$o-$pE0.00$q-$rl$s- $t0$u0$v0$w0$x0$y.i15021129$z02-11-09 996 $aApplied optimal estimation$9228733 997 $aUNISALENTO 998 $ale025$b02-11-09$cm$da $e-$feng$gmau$h0$i0